| 000 | 00680nam a22002057a 4500 | ||
|---|---|---|---|
| 003 | BUBTL | ||
| 008 | 230115b ||||| |||| 00| 0 eng d | ||
| 020 | _a9788184000085 | ||
| 082 | _a820/ D14c/ 1969 | ||
| 100 |
_95168 _aDaiches, David |
||
| 245 |
_aA Critical History of English Literature Volume-I: _bfrom the beginnings to Milton / _cDavid Daiches |
||
| 250 | _a1st Edn | ||
| 260 |
_aIndia: _bRandom House, _cc1969 |
||
| 300 |
_a534 p.: _c22 cm. |
||
| 505 | _aA Critical History of English Literature, English Literature, English, David Daiches | ||
| 650 | 0 |
_91994 _aEnglish Literature |
|
| 856 |
_k0 _l0 _yDownload |
||
| 942 |
_2ddc _cBK |
||
| 999 |
_c6921 _d6921 |
||